Un footballeur pour chaque pays - Lettre B - Statistiques

Statistiques générales
  • Ce quiz a été pris 61 fois
  • Le résultat moyen est 5 sur 19
Statistiques - réponses
Pays Réponses % Correct
Brésil Pelé, Neymar, Ronaldo, Ronaldinho, Marcelo, Carlos, Kaka, Garrincha, Cafu, Brandao
98%
Belgique De Bruyne, Hazard, Lukaku, Mertens, Kompany, Carrasco, Witsel, Courtois, Nainggolan, Vertonghen
96%
Bosnie-Herzégovine Dzeko, Pjanic, Begovic, Visca, Kolasinac, Ahmedhodzic, Krunic, Demirovic, Misimovic, Ibisevic
84%
Burkina Faso Tapsoba, Kabore, Traore, Nakoulma, Pitroipa, Kone, Koffi, Bance, Dabo, Yago
68%
Bulgarie Stoichkov, Berbatov, Popov, Petrov, Ivankov, Mihaylov, Bojinov, Rangelov, Georgiev, Chochev
56%
Bénin Sessegnon, Tosin, Mounie, Allagbe, Adeoti, Gestede, Adenon, Hountondji, Dossou, Imorou
32%
Biélorussie Kalachev, Shkurin, Hleb, Bressan, Kornilenko, Zhevnov, Martynovich, Filipenko, Kutuzov, Palitsevich
21%
Burundi Ndayishimiye, Berahino, Amissi, Ntibazonkiza, Nahayo, Ndabashinze, Weymans, Bizoza, Bigirimana, Kamsoba
14%
Bolivie Moreno, Chumacero, Lampe, Saavedra, Pedriel, Bejarano, Cardozo, Cabrera, Enoumba, Mancilla
11%
Bahamas St Fleur, Jean, Joseph, Rahming, McNair Hall, Hepple, Christie, Delancy, Whylly, Sealey
7%
Bangladesh Bhuyan, Chunnu, Barman, Ahmed Fahim, Mia, Khan, Rana, Uddin, Hossain, Mamunul Islam
5%
Brunei Bolkiah, Saleh, Razen Said, Amir, Said, Salleh, Hendra, Helmi Zambin, Sahari, Anak Nyaring
5%
Barbade Boyce, Ifill, Forte, Straker, Hope, Soares, Nurse, McCammon, Lashley, Holligan
5%
Bermudes Wells, Lambe, Hall, Lewis, Simons, Leverock, Eve, Parfitt-Williams, Butterfield, Donawa
5%
Bhoutan Gyeltshen, Pema, Shedrup, Dorji, Tenzing, Wangdi, Gurung, Tshering, Dendup, Subba
4%
Bahreïn Helal, Husain, Fatadi, Al-Humaidan, Al-Shaikh, Lutfalla, Mahroon, Madan, Abdullatif, Al Hayam
4%
Belize Salazar, Rocha, Bernardez, Trapp, West, Lopez, Nembhard, Polanco, Lewis, McCaulay
4%
Birmanie Htan, Hlaing Win, Lwin, Min Oo, Lyon Aung, Naing Tun, Thu, Ko Ko, Zin Phyo, Kyaw
2%
Botswana Mogorosi, Ramatlakhwane, Seakanyeng, Mohutsiwa, Ditlhokwe, Gaolaolwe, Boy, Selolwane, Gabonamong, Thuma
2%
Aucun quiz correspondant
Distribution des résultats
% des personnes avec chaque résultat
Percentile par nombre de réponses
Votre historique - résultats
Vous n’avez pas pris ce quiz